000 00298nam a22001337a 4500
008 181023b xxu||||| |||| 00| 0 eng d
020 _a9781111222284
041 _aeng
080 _a336
100 _a56
101 _aFIN
245 _aIntroduction to Corporate Finance
_cSmart
942 _2udc
_cBK
999 _c50617
_d50617